Online
Catalog

Fútbol deporte popular / (Record no. 6514)

MARC details
000 -CABECERA
campo de control de longitud fija 01279nam a2200289 a 4500
001 - NÚMERO DE CONTROL
campo de control 000006725
003 - IDENTIFICADOR DEL NÚMERO DE CONTROL
campo de control OSt
005 - FECHA Y HORA DE LA ÚLTIMA TRANSACCIÓN
campo de control 20210517095619.0
008 - DATOS DE LONGITUD FIJA--INFORMACIÓN GENERAL
campo de control de longitud fija 090902s1986 dr a r 000 0 spa d
040 ## - FUENTE DE LA CATALOGACIÓN
Centro catalogador/agencia de origen DO-SdBNP
Lengua de catalogación spa
Centro/agencia transcriptor DO-SdBNP
082 #4 - NÚMERO DE LA CLASIFICACIÓN DECIMAL DEWEY
Número de clasificación 796.334
Número de documento/Ítem B346f
Número de edición 22
100 1# - ENTRADA PRINCIPAL--NOMBRE DE PERSONA
Nombre de persona Bauger, Jorge Rolando
9 (RLIN) 18723
245 10 - MENCIÓN DE TÍTULO
Título Fútbol deporte popular /
Mención de responsabilidad, etc. Jorge Rolando Bauger.
260 ## - PUBLICACIÓN, DISTRIBUCIÓN, ETC.
Lugar de publicación, distribución, etc. Santo Domingo :
Nombre del editor, distribuidor, etc. Corripio,
Fecha de publicación, distribución, etc. 1986.
300 ## - DESCRIPCIÓN FÍSICA
Extensión 236 p. : [12]
-- il. ;
Dimensiones 22 cm.
500 ## - NOTA GENERAL
Nota general Bibliografía : p. 231-232
505 ## - NOTA DE CONTENIDO CON FORMATO
Nota de contenido con formato Prólogo -- Introducción -- Aspectos sociales y humanos del futbol -- Historia del futbol --Organización del futbol mundial -- Competencias mundiales de futbol -- Campeonato mundial de futbol -- Sistema de juego -- De los mejores jugadores del mundo, los mas destacados -- Entrenadores destacados -- El futbol en República Dominicana -- Juegos deportivos nacionales -- Las reglas del juego.
590 ## - NOTA LOCAL (RLIN)
Nota local Inventariado, 2018/BT
650 #7 - PUNTO DE ACCESO ADICIONAL DE MATERIA--TÉRMINO DE MATERIA
Término de materia o nombre geográfico como elemento de entrada Fútbol
9 (RLIN) 18724
Fuente del encabezamiento o término Lemb
650 #7 - PUNTO DE ACCESO ADICIONAL DE MATERIA--TÉRMINO DE MATERIA
Término de materia o nombre geográfico como elemento de entrada Fútbol
Subdivisión general Historia
9 (RLIN) 18725
Fuente del encabezamiento o término Lemb
650 #7 - PUNTO DE ACCESO ADICIONAL DE MATERIA--TÉRMINO DE MATERIA
Término de materia o nombre geográfico como elemento de entrada Futbolistas
9 (RLIN) 18726
Fuente del encabezamiento o término Lemb
650 #7 - PUNTO DE ACCESO ADICIONAL DE MATERIA--TÉRMINO DE MATERIA
Término de materia o nombre geográfico como elemento de entrada Campeonatos de fútbol
9 (RLIN) 18727
Fuente del encabezamiento o término Lemb
700 1# - PUNTO DE ACCESO ADICIONAL--NOMBRE DE PERSONA
Nombre de persona Acosta Núñez, Félix,
Término indicativo de función/relación pról.
9 (RLIN) 18728
910 ## - DATOS DE OPCIÓN DEL USUARIO (OCLC)
Datos de opción del usuario Validado. Control de calidad. MMOLINA
942 ## - ELEMENTOS DE PUNTO DE ACCESO ADICIONAL (KOHA)
Fuente del sistema de clasificación o colocación Dewey Decimal Classification
Tipo de ítem Koha Libros y folletos
956 ## - LOCALIZACIÓN Y ACCESO ELECTRÓNICOS LOCAL (OCLC)
Nombre del host VMateo
Holdings
Estado de retiro Estado de pérdida Fuente del sistema de clasificación o colocación Restricciones de uso No para préstamo Código de colección Localización permanente Ubicación/localización actual Ubicación en estantería Fecha de adquisición Total de préstamos Signatura topográfica completa Código de barras Fecha visto por última vez Precio válido a partir de Tipo de ítem Koha Número de copia Fuente de adquisición
    Dewey Decimal Classification Préstamo en sala   Dominicana de Servicio Biblioteca Nacional Pedro Henríquez Ureña General Depósito 14.07.2011   BNPHU DS 796.334 B346f 2021-1725 09.10.2020 25.06.2020 Libro y Folleto Colección Dominicana de Servicio e.3 Raquel Martínez
    Dewey Decimal Classification Excluido de préstamo Excluido de préstamo Patrimonio Dominicano Biblioteca Nacional Pedro Henríquez Ureña Patrimonio Dominicano Depósito 02.09.2009   BNPHU PD 796.334 B346f 6725-10 25.06.2020 25.06.2020 Libro y Folleto Colección Patrimonio Dominicano    
    Dewey Decimal Classification Préstamo restringido Préstamo restrigido Patrimonio Dominicano Biblioteca Nacional Pedro Henríquez Ureña Patrimonio Dominicano Depósito 14.07.2011   BNPHU DS 796.334 B346f 6725-30 25.06.2020 25.06.2020 Libro y Folleto Colección Patrimonio Dominicano e.2  

Powered by Koha